000 00765cam a2200193 a 4500
001 000007930
005 20200929154344.0
008 751017s1969 ve 000 j spa
040 _aDO-SdBNP
_cNbU
_dOCoLC
_dDLC
082 _aCh863.4
_bV146p
100 1 _aValdivieso, Jaime,
_d1929-
_921728
245 1 0 _aPaís sin nombre :
_bcuentos /.
260 _aCaracas, Venezuela :
_bMonte Avila Editores,
_c[1969].
300 _a120 p. ;
_c18 cm.
505 0 _aA través de la ventana.--El cuarto de enfrente.--El bibliotecario.--Muerte y callada.--Matías y David.--El momento justo.--El profesor.--Natalia.--Catia.--Extrano final.--Un extraño artesano.
651 4 _aCuentos Chilenos
_921729
650 4 _aLiteratura chilena
_93164
910 _aCatalogación por copia / LC
999 _c7708
_d7708